[Event "Niedersachsen-ch Seniors op 13th"]
[Site "Bad Bevensen"]
[Date "2010.07.09"]
[Round "4"]
[White "Ludwig, Siegfried"]
[Black "Kampfrath, Siegfried"]
[Result "0-1"]
[WhiteElo "1394"]
[BlackElo "1554"]
[PlyCount "114"]
[EventDate "2010.07.06"]
[EventType "swiss"]
[EventRounds "9"]
[EventCountry "GER"]
[SourceTitle "EXT 2012"]
[Source "ChessBase"]
[SourceDate "2011.11.24"]
[SourceVersion "1"]
[SourceVersionDate "2011.11.24"]
[SourceQuality "1"]

1. e4 c5 2. Bc4 e6 3. Nc3 a6 4. Nf3 b5 5. Be2 Bb7 6. d3 Nc6 7. b3 d6 8. a3 g6 9. Rb1 Bg7 10. Bb2 Nf6 11. h3 0-0 12. 0-0 Nd4 13. Nxd4 cxd4 14. Na2 e5 15. f4 Qb6 16. Kh1 a5 17. Bc1 b4 18. a4 Rac8 19. Bd2 Rc6 20. Rc1 Rfc8 21. Bg4 Nxg4 22. hxg4 Qc7 23. c4 bxc3 24. Be1 Qb6 25. Rf2 exf4 26. g5 h6 27. Rxf4 hxg5 28. Rf2 R8c7 29. Qc2 Qc5 30. Rb1 Bc8 31. b4 axb4 32. Nxb4 Rb6 33. Nd5 Rxb1 34. Qxb1 Rb7 35. Qa2 Be6 36. a5 Bxd5 37. exd5 Ra7 38. Qa4 Qxa5 39. Qe8+ Bf8 40. Re2 Qa1 41. Kh2 Ra2 42. Re7 Rxg2+ 43. Kxg2 Qa2+ 44. Re2 Qxd5+ 45. Kg1 Qf3 46. Rf2 Qg3+ 47. Kf1 Qxd3+ 48. Kg2 Qc4 49. Qe2 d3 50. Qd1 c2 51. Qc1 Be7 52. Bd2 Qg4+ 53. Kf1 d5 54. Rg2 Qf5+ 55. Kg1 g4 56. Qf1 Bc5+ 57. Rf2 g3 0-1

[Event "Bad Bevensen Seniors op 12th"]
[Site "Bad Bevensen"]
[Date "2009.07.12"]
[Round "6"]
[White "Kudoke, Willy"]
[Black "Kampfrath, Siegfried"]
[Result "1/2-1/2"]
[WhiteElo "1715"]
[BlackElo "1547"]
[PlyCount "35"]
[EventDate "2009.07.07"]
[EventType "swiss"]
[EventRounds "9"]
[EventCountry "GER"]
[SourceTitle "EXT 2022"]
[Source "ChessBase"]
[SourceDate "2021.10.06"]
[SourceVersion "1"]
[SourceVersionDate "2021.10.06"]
[SourceQuality "1"]

1. c4 e5 2. Nc3 Nc6 3. g3 Nf6 4. Bg2 Bc5 5. e3 0-0 6. Nge2 a6 7. 0-0 d6 8. d4 Ba7 9. h3 Re8 10. Kh2 exd4 11. exd4 Ne7 12. Bg5 c6 13. Bxf6 gxf6 14. d5 Bf5 15. Qd2 Qd7 16. Nd4 Rac8 17. Nxf5 Nxf5 18. Rad1 1/2-1/2

[Event "Bad Bevensen Seniors op 12th"]
[Site "Bad Bevensen"]
[Date "2009.07.08"]
[Round "2"]
[White "Kampfrath, Siegfried"]
[Black "Zotin, Vladimir"]
[Result "0-1"]
[WhiteElo "1547"]
[BlackElo "1850"]
[PlyCount "58"]
[EventDate "2009.07.07"]
[EventType "swiss"]
[EventRounds "9"]
[EventCountry "GER"]
[SourceTitle "EXT 2022"]
[Source "ChessBase"]
[SourceDate "2021.10.06"]
[SourceVersion "1"]
[SourceVersionDate "2021.10.06"]
[SourceQuality "1"]

1. e4 c5 2. Nf3 g6 3. d4 Bg7 4. c3 cxd4 5. cxd4 Nf6 6. Nc3 0-0 7. Be3 Ng4 8. Qd2 Nxe3 9. Qxe3 Nc6 10. 0-0-0 d6 11. h3 a6 12. Kb1 b5 13. d5 Na5 14. b3 Bd7 15. Rc1 e6 16. g4 b4 17. Ne2 exd5 18. exd5 Re8 19. Qf4 Qb6 20. Ned4 Be5 21. Qd2 Bg7 22. Qd3 Nb7 23. Rh2 Nc5 24. Qc2 a5 25. Bd3 a4 26. Rg2 Rec8 27. Bc4 axb3 28. axb3 Ra3 29. Qd2 Rca8 0-1

[Event "Bad Bevensen Seniors op 12th"]
[Site "Bad Bevensen"]
[Date "2009.07.07"]
[Round "1"]
[White "Orlova, Liubov"]
[Black "Kampfrath, Siegfried"]
[Result "1-0"]
[WhiteElo "1863"]
[BlackElo "1547"]
[PlyCount "85"]
[EventDate "2009.07.07"]
[EventType "swiss"]
[EventRounds "9"]
[EventCountry "GER"]
[SourceTitle "EXT 2022"]
[Source "ChessBase"]
[SourceDate "2021.10.06"]
[SourceVersion "1"]
[SourceVersionDate "2021.10.06"]
[SourceQuality "1"]

1. d4 d5 2. c4 e6 3. Nf3 g6 4. Bg5 f6 5. Bd2 Bg7 6. Nc3 Ne7 7. cxd5 exd5 8. Qb3 0-0 9. e3 c6 10. Bd3 b5 11. a4 bxa4 12. Rxa4 Nd7 13. Qa2 Qc7 14. 0-0 Nb6 15. Ra5 Bg4 16. Be2 Bxf3 17. gxf3 Kh8 18. Ra1 Nbc8 19. Na4 Nf5 20. Nc5 Re8 21. Rc1 Nxd4 22. exd4 Rxe2 23. Be3 Rb8 24. Nd3 Qb6 25. Kf1 Rxe3 26. fxe3 Qc7 27. b4 Qe7 28. Qe2 Bh6 29. Rxc6 Qxe3 30. Rxf6 Nb6 31. Qxe3 Bxe3 32. Rxa7 Bxd4 33. Rff7 h6 34. Nf4 Nc4 35. Nxg6+ Kg8 36. Rad7 Ra8 37. Rfe7 Ra1+ 38. Kg2 Ra8 39. Nf4 Ne3+ 40. Kh3 Rf8 41. Nh5 Rxf3+ 42. Ng3 Rf8 43. b5 1-0

[Event "Niedersachsen-ch Seniors op 11th"]
[Site "Bad Bevensen"]
[Date "2008.07.16"]
[Round "9"]
[White "Jesse, Gustav"]
[Black "Kampfrath, Siegfried"]
[Result "1-0"]
[WhiteElo "1753"]
[BlackElo "1589"]
[PlyCount "81"]
[EventDate "2008.07.08"]
[EventType "swiss"]
[EventRounds "9"]
[EventCountry "GER"]
[SourceTitle "EXT 2022"]
[Source "ChessBase"]
[SourceDate "2021.10.06"]
[SourceVersion "1"]
[SourceVersionDate "2021.10.06"]
[SourceQuality "1"]

1. e4 e5 2. Nf3 Nc6 3. d4 Qe7 4. d5 Nd8 5. a3 a6 6. Bd3 h6 7. 0-0 d6 8. h3 g5 9. Nh2 h5 10. f3 f6 11. g4 Qh7 12. Qe2 hxg4 13. hxg4 Qh3 14. Qg2 Qxg2+ 15. Kxg2 Ne7 16. Be3 Ng6 17. Nd2 Nf4+ 18. Bxf4 gxf4 19. b4 Bd7 20. a4 Nf7 21. Nb3 b6 22. c4 Ng5 23. Rfc1 Rh3 24. c5 Rg3+ 25. Kh1 Nxf3 26. Be2 Nxh2 27. Nd2 Nxg4 28. b5 Rh3+ 29. Kg1 Rg3+ 30. Kf1 Ne3+ 31. Kf2 Rg2+ 32. Ke1 Ke7 33. cxd6+ Kxd6 34. bxa6 Rg1+ 35. Kf2 Rxc1 36. Rxc1 Bxa4 37. Rc3 Be7 38. Nb1 Rg8 39. Na3 Rg2+ 40. Ke1 Rg3 41. Nc4+ 1-0

[Event "Niedersachsen-ch Seniors op 11th"]
[Site "Bad Bevensen"]
[Date "2008.07.15"]
[Round "8"]
[White "Kampfrath, Siegfried"]
[Black "Brandt, Fred"]
[Result "0-1"]
[WhiteElo "1589"]
[BlackElo "1725"]
[PlyCount "98"]
[EventDate "2008.07.08"]
[EventType "swiss"]
[EventRounds "9"]
[EventCountry "GER"]
[SourceTitle "EXT 2022"]
[Source "ChessBase"]
[SourceDate "2021.10.06"]
[SourceVersion "1"]
[SourceVersionDate "2021.10.06"]
[SourceQuality "1"]

1. e4 e5 2. Nf3 Nf6 3. Bc4 Nc6 4. d4 Bb4+ 5. c3 Bd6 6. 0-0 0-0 7. dxe5 Bxe5 8. Nxe5 Nxe5 9. Bb3 d6 10. Bg5 h6 11. Bh4 Ng6 12. Bxf6 Qxf6 13. Qd4 Qg5 14. Qe3 Nf4 15. g3 Nh3+ 16. Kg2 Qf6 17. f4 Bg4 18. Nd2 b6 19. Rae1 Rae8 20. e5 dxe5 21. fxe5 Qc6+ 22. Qe4 Qd7 23. Qd4 Ng5 24. Qxd7 Bxd7 25. Rf4 Bc6+ 26. Kf1 Re7 27. h4 Ne6 28. Rf2 Nc5 29. Bc2 Rfe8 30. b4 Nd7 31. e6 Rxe6 32. Rxe6 Rxe6 33. Re2 Rxe2 34. Kxe2 Ne5 35. c4 Bd7 36. b5 Be6 37. Bb3 Kf8 38. Ke3 f6 39. Nf3 Nxf3 40. Kxf3 Ke7 41. Ke4 Kd6 42. Kd4 c5+ 43. Ke4 g6 44. a4 g5 45. hxg5 hxg5 46. Ba2 f5+ 47. Kd3 Ke5 48. Bb3 f4 49. gxf4+ Kxf4 0-1

[Event "Niedersachsen-ch Seniors op 11th"]
[Site "Bad Bevensen"]
[Date "2008.07.12"]
[Round "5"]
[White "Weber, Gerhard3333"]
[Black "Kampfrath, Siegfried"]
[Result "0-1"]
[WhiteElo "1709"]
[BlackElo "1589"]
[PlyCount "70"]
[EventDate "2008.07.08"]
[EventType "swiss"]
[EventRounds "9"]
[EventCountry "GER"]
[SourceTitle "EXT 2022"]
[Source "ChessBase"]
[SourceDate "2021.10.06"]
[SourceVersion "1"]
[SourceVersionDate "2021.10.06"]
[SourceQuality "1"]

1. c4 e5 2. Nc3 Nf6 3. g3 Bb4 4. Bg2 Bxc3 5. dxc3 0-0 6. Nf3 Re8 7. 0-0 c6 8. c5 b6 9. cxb6 axb6 10. Qb3 d5 11. Rd1 Ba6 12. Qc2 e4 13. Ng5 h6 14. Nxe4 Nxe4 15. Bxe4 Qe7 16. Bd3 Bb7 17. Bf4 c5 18. c4 d4 19. Bxb8 Raxb8 20. Qd2 Qe6 21. f3 Qh3 22. Qf4 g5 23. Qg4 Qxg4 24. fxg4 Re3 25. Kf2 Rbe8 26. Rd2 Kg7 27. a3 Bc8 28. h3 R8e6 29. b4 Rf6+ 30. Kg2 Bb7+ 31. Kh2 Rf2+ 32. Kg1 Rg2+ 33. Kf1 Rexg3 34. Rda2 Rg1+ 35. Kf2 R3g2# 0-1

[Event "Niedersachsen-ch Seniors op 10th"]
[Site "Bad Bevensen"]
[Date "2007.07.09"]
[Round "7"]
[White "Junghaenel, Dieter"]
[Black "Kampfrath, Siegfried"]
[Result "1-0"]
[WhiteElo "1536"]
[BlackElo "1559"]
[PlyCount "69"]
[EventDate "2007.07.03"]
[EventType "swiss"]
[EventRounds "9"]
[EventCountry "GER"]
[SourceTitle "EXT 2022"]
[Source "ChessBase"]
[SourceDate "2021.10.06"]
[SourceVersion "1"]
[SourceVersionDate "2021.10.06"]
[SourceQuality "1"]

1. d4 d5 2. e3 e6 3. f4 Bd6 4. Nf3 a6 5. Bd3 c5 6. c3 c4 7. Bc2 Nf6 8. 0-0 Nc6 9. Nbd2 Bd7 10. Qe2 Qc7 11. Ne5 Rf8 12. Ndf3 h6 13. h3 Bc8 14. Bd2 b5 15. Nxc6 Qxc6 16. Ne5 Qc7 17. a4 Bb7 18. Ra2 Qb6 19. Rfa1 Ke7 20. a5 Qc7 21. Be1 Rg8 22. Bg3 g5 23. f5 h5 24. fxe6 fxe6 25. Ng6+ Rxg6 26. Bxd6+ Qxd6 27. Bxg6 Qg3 28. Rf1 g4 29. Qf2 Qxf2+ 30. Kxf2 gxh3 31. gxh3 Rg8 32. Bc2 Kd6 33. Raa1 h4 34. Rg1 Rxg1 35. Rxg1 1-0

[Event "Niedersachsen-ch Seniors op 10th"]
[Site "Bad Bevensen"]
[Date "2007.07.05"]
[Round "3"]
[White "Kotlar, Alfred"]
[Black "Kampfrath, Siegfried"]
[Result "1-0"]
[WhiteElo "1942"]
[BlackElo "1559"]
[PlyCount "51"]
[EventDate "2007.07.03"]
[EventType "swiss"]
[EventRounds "9"]
[EventCountry "GER"]
[SourceTitle "EXT 2022"]
[Source "ChessBase"]
[SourceDate "2021.10.06"]
[SourceVersion "1"]
[SourceVersionDate "2021.10.06"]
[SourceQuality "1"]

1. d4 d5 2. Nf3 Nf6 3. Bf4 g6 4. Nbd2 Bg7 5. e3 0-0 6. Bd3 e6 7. 0-0 b6 8. Rc1 c5 9. c3 c4 10. Bb1 Nc6 11. Re1 Nh5 12. Bg5 Bf6 13. h4 Re8 14. e4 Bxg5 15. hxg5 f6 16. gxf6 Nxf6 17. e5 Ng4 18. Nf1 Ne7 19. N1h2 Nxh2 20. Nxh2 Nf5 21. Ng4 Rf8 22. Nf6+ Rxf6 23. exf6 Qxf6 24. Bxf5 Qxf5 25. Re5 Qf6 26. Qa4 1-0

[Event "Niedersachsen-ch Seniors op 09th"]
[Site "Bad Bevensen"]
[Date "2006.07.02"]
[Round "9"]
[White "Kampfrath, Siegfried"]
[Black "Hoeffner, Felix"]
[Result "1-0"]
[WhiteElo "1596"]
[BlackElo "1477"]
[PlyCount "59"]
[EventDate "2006.06.24"]
[EventType "swiss"]
[EventRounds "9"]
[EventCountry "GER"]
[SourceTitle "EXT 2022"]
[Source "ChessBase"]
[SourceDate "2021.10.06"]
[SourceVersion "1"]
[SourceVersionDate "2021.10.06"]
[SourceQuality "1"]

1. e4 c5 2. Nf3 d6 3. d4 cxd4 4. Nxd4 Nf6 5. Nc3 a6 6. f3 Nc6 7. Be3 e6 8. Qd2 Bd7 9. 0-0-0 Be7 10. a3 0-0 11. Be2 Rc8 12. g4 g6 13. h4 Nxd4 14. Bxd4 e5 15. Be3 Be6 16. h5 d5 17. exd5 Nxd5 18. Nxd5 Rxc2+ 19. Qxc2 Bxd5 20. Bc4 Bg5 21. Bxd5 Bxe3+ 22. Kb1 Bd4 23. Be4 Qd7 24. hxg6 fxg6 25. Bxg6 Rxf3 26. Rxh7 Qxg4 27. Qc4+ Kf8 28. Rf7+ Ke8 29. Rxf3+ Qxg6+ 30. Ka2 1-0

[Event "Hessen-ch Seniors op 01st"]
[Site "Bad Sooden-Allendorf"]
[Date "2005.04.28"]
[Round "7"]
[White "Kampfrath, Siegfried"]
[Black "Kotlar, Alfred"]
[Result "0-1"]
[WhiteElo "1675"]
[BlackElo "1982"]
[PlyCount "60"]
[EventDate "2005.04.22"]
[EventType "swiss"]
[EventRounds "9"]
[EventCountry "GER"]
[SourceTitle "EXT 2007"]
[Source "ChessBase"]
[SourceDate "2006.11.23"]
[SourceVersion "1"]
[SourceVersionDate "2006.11.23"]
[SourceQuality "1"]

1. e4 d6 2. d4 Nf6 3. Nc3 g6 4. Be3 Bg7 5. Bc4 c6 6. a3 Nbd7 7. f3 b5 8. Ba2 Nb6 9. b3 Qc7 10. Nge2 a5 11. 0-0 0-0 12. Kh1 Ba6 13. Qd2 Rfd8 14. Rfd1 Nfd7 15. g4 b4 16. axb4 axb4 17. Na4 Bxe2 18. Qxe2 Nxa4 19. bxa4 e6 20. Bb3 c5 21. Ra2 Nb6 22. dxc5 dxc5 23. Rxd8+ Rxd8 24. a5 Nd7 25. Qc4 Bf8 26. f4 Ra8 27. Qb5 Nf6 28. Qb6 Qd7 29. Ra1 Nxg4 30. Bxc5 Qd2 0-1

[Event "Schoenhagener Seniors op 14th"]
[Site "Uslar"]
[Date "2004.08.29"]
[Round "3"]
[White "Noack, Heinz"]
[Black "Kampfrath, Siegfried"]
[Result "1-0"]
[WhiteElo "1604"]
[BlackElo "1608"]
[PlyCount "89"]
[EventDate "2004.08.27"]
[EventType "swiss"]
[EventRounds "9"]
[EventCountry "GER"]
[SourceTitle "EXT 2006"]
[Source "ChessBase"]
[SourceDate "2005.11.24"]
[SourceVersion "1"]
[SourceVersionDate "2005.11.24"]
[SourceQuality "1"]

1. e4 c5 2. Nf3 d6 3. d4 cxd4 4. Nxd4 Nf6 5. Nc3 g6 6. Be2 Bg7 7. Be3 0-0 8. 0-0 Bd7 9. a3 Nc6 10. Nb3 Be6 11. Nd4 Qd7 12. f3 a6 13. Qd2 Rac8 14. Rac1 Ne5 15. b3 b5 16. Nxe6 fxe6 17. Rfd1 Nh5 18. Na2 Nc6 19. c4 bxc4 20. Bxc4 Ne5 21. Bxa6 Ra8 22. Nb4 Rxf3 23. Qe2 Nf4 24. Bxf4 Rxf4 25. h3 Rxa6 26. Qxa6 h5 27. Rc8+ Kh7 28. Rdc1 d5 29. R1c7 Qd6 30. Qxd6 exd6 31. exd5 Nf7 32. dxe6 Ng5 33. Rc4 Rxc4 34. Rxc4 Nxe6 35. Nd5 Be5 36. b4 Kh6 37. a4 Kg5 38. h4+ Kf5 39. Kf2 Bd4+ 40. Kf3 Ke5 41. Nc7 d5 42. Rc6 Nxc7 43. Rxc7 Kd6 44. Rc2 Ba7 45. a5 1-0